| 000 | 00000nam 2200000za 4500 |
| 001 | 9.816664 |
| 003 | CaOODSP |
| 005 | 20221107142311 |
| 007 | cr ||||||||||| |
| 008 | 160502s1998 onc |o||||f|0| 0|fre d |
| 020 | |z0-660-60366-7 |
| 040 | |aCaOODSP|bfre |
| 041 | |afre|aeng |
| 043 | |an-cn--- |
| 086 | 1 |aFs41-31/126-PDF |
| 100 | 1 |aBrunei, Pierre. |
| 245 | 10|aCatalogue des invertébrés marins de l'estuaire et du golfe du Saint-Laurent |h[ressource électronique] = |bCatalogue of the marine invertebrates of the Estuary and Gulf of Saint Lawrence / |cpar Pierre Brunei, Luci Bossé et Gabriel Lamarche. |
| 246 | 11|aCatalogue of the marine invertebrates of the Estuary and Gulf of Saint Lawrence |
| 260 | |aOttawa : |bMinistère des Pêches et des Océans, |c1998. |
| 300 | |axi, 405 p.|btableaux, graphiques. |
| 490 | 1 |aPublication spéciale canadienne des sciences halieutiques et aquatiques, |v126 |
| 500 | |aLe n° de catalogue (Fs41-31/126) et l’ISBN (0-660-60366-7) de l'édition imprimée bilingue ont été copiés dans l’édition électronique. |
| 546 | |aTexte en français et en anglais. |
| 692 | 07|2gccst|aCrustacé |
| 700 | 1 |aBossé, Luci. |
| 700 | 1 |aLamarche, Gabriel. |
| 710 | 1 |aCanada. |bMinistère des pêches et des océans. |
| 791 | |tCatalogue des invertébrés marins de l'estuaire et du golfe du Saint-Laurent |eeng|w(CaOODSP)9.816660 |
| 830 | #0|aPublication spéciale canadienne des sciences halieutiques et aquatiques ;|v126|w(CaOODSP)9.816386 |
| 856 | 40|qPDF|s8.39 Mo|uhttps://publications.gc.ca/collections/collection_2016/mpo-dfo/Fs41-31-126.pdf |